01150nam a2200265Ia 4500003000900000008004100009020002200050040001600072080002200088111006900110245015100179260006100330300002300391490006600414650004500480650003900525650004200564700003200606700002600638700003000664700003100694942000700725999001700732952013500749IN-BaIIA211028s9999 xx 000 0 eng d a978-1-58381-862-6 cIIA Library a082.2:52bASP-489 aWorkshop on Solar Polarizationn7thcKunming, Chinad2013936325 0aSolar polarization 7bproceedings of workshop held in Expo garden hotel, Kunming, China, September 9-13, 2013cedited by K. N. Nagendra…[et al.] aSan FranciscobAstronomical Society of the Pacificc2014 a[various pagings.] aAstronomical Society of the Pacific conference series; v. 489 aPolarization (Light) - congresses931111 aSolar magnetic fields - congresses aSolar polarimetry - congresses931113 aNagendra, K. N., ed.922574 aQu, Z. Q., ed.936326 aSampoorna, M., ed.936327 aStenflo, J. O., ed.913277 cBK c19027d19027 00104070aBANbBANcGENd2015-05-05eASP g995.00l0o082.2:52/ ASP-489p19949r2021-11-05v995.00w2015-05-05yBKGRs. 995.00